| 000 | 00493nam a2200157Ia 4500 | ||
|---|---|---|---|
| 008 | 230907s9999||||xx |||||||||||||| ||und|| | ||
| 082 |
_a621.31 _bSHA |
||
| 100 |
_aMalik Shah Zeb Ali (00000203900) _9116470 |
||
| 245 | 2 | _aA Contactless Method for Measuring Unbalanced Loading of Utility Transformer / | |
| 260 |
_aUSPCAS-E, NUST, _bIslamabad : _c2019 |
||
| 300 | _a48 p. | ||
| 520 | _aTH-171 | ||
| 650 | _aMS-EEP Thesis MS Thesis | ||
| 700 | _aDr. Arsalan Habib Khawaja | ||
| 942 |
_cTHE _2ddc |
||
| 999 |
_c601850 _d601850 |
||